| 000 | 00467cam a2200181ua 4500 | ||
|---|---|---|---|
| 020 | _c6.00 | ||
| 041 |
_ahin _h |
||
| 082 |
_a891.54 _bRAJ/MU |
||
| 100 | _aRajeshwar Prasad, Narayan Singh . | ||
| 245 |
_aMughal samrajya ki jeevan sandya / _cRajeshwar Prasad Narayan Singh. _hTextual Documents |
||
| 250 |
_a1 / _b. |
||
| 260 |
_a : _bAtmaram and Sons , _c1957. |
||
| 300 | _a231 ; . | ||
| 365 | _a6.00 | ||
| 504 | _a | ||
| 942 | _cBK | ||
| 999 |
_c8196 _d8196 |
||